000 01752nam a2200481 i 4500
001 40844
003 KOSZ 005
005 20220401143912.0
008 020104s2001 pl |000 0 pol
015 _aUWD 2002/475
020 _a8372850577
035 _a991017205409705066
035 _a(PL-WaBN)b14646353-48omnis_nlop
035 _ab14646353
035 _a(OCoLC)830298138
035 _a(PL)b0000001464635
035 _a(EXLNZ-48OMNIS_NETWORK)9910208830505606
040 _aWA N
_cWA N
_dWA N
_dKOSZ 005/HR
041 0 _apol
046 _k2001
080 _a34-054.6(438)
100 1 _aBiałocerkiewicz, Jan
_d(1945-2008)
_eKomentarz
245 1 0 _aCudzoziemcy w Rzeczypospolitej Polskiej :
_bustawa z dnia 25 czerwca 1997 r. - o cudzoziemcach wraz z przepisami wykonawczymi wg stanu prawnego na dzień 1 lipca 2001 r. : komentarz /
_cJan Białocerkiewicz.
250 _aWyd. 2 uzup. i zm.
260 _aToruń :
_bTowarzystwo Naukowe Organizacji i Kierownictwa "Dom Organizatora",
_c2001.
300 _a585, [1] s. ;
_c24 cm.
336 _aTekst
_btxt
_2rdacontent
337 _aBez urządzenia pośredniczącego
_bn
_2rdamedia
338 _aWolumin
_bnc
_2rdacarrier
380 _aKsiążki
388 _a2001-
504 _aBibliogr.
648 _a2001-
650 7 _aCudzoziemcy
_2DBN
650 7 _aPrawo
651 7 _aPolska
655 7 _aKomentarz do ustawy
658 _aPrawo i wymiar sprawiedliwości
710 2 _aDom Organizatora w Toruniu (Towarzystwo Naukowe Organizacji i Kierownictwa)
_4pbl
856 _uhttp://koha.tu.koszalin.pl/cgi-bin/koha/opac-detail.pl?biblionumber=40844
_yKatalog online BPK
942 _2UKD
_cKS
999 _c40844
_d40844